Handbuch der Stadtbeleuchtung

Saved in:
Bibliographic Details
Main Author: Eckert, Martin (Author)
Format: Book
Language:German
Published: Leipzig : Fachbuchverlag, 1969
Tags: Add Tag
No Tags, Be the first to tag this record!

MARC

LEADER 00000nam a22000003a 4500
001 stu223268
005 20150617230122.0
008 110330s1969----ge------------------ger-d
040 |a STU  |b slo 
041 0 |a ger 
044 |a ge 
100 1 |a Eckert, Martin  |4 aut 
245 1 |a Handbuch der Stadtbeleuchtung 
260 |a Leipzig :  |b Fachbuchverlag,  |c 1969 
996 |b E37230  |c E*37230  |l EE06  |s P  |a 0  |w stu223268_0001